000 00534nam a2200181 a 4500
001 11208
005 20180713195346.0
008 140415s1993 000 0 spa d
041 _aspa
082 _a320.5
_bMON
100 1 _aMONTENEGRO, WALTER
245 1 0 _aINTRODUCCION A LAS DOCTRINAS POLITICO-ECONOMICAS
250 _a3a ed.
260 _a[s.l.] :
_bFONDO DE CULTURA ECONOMICA,
_c1993
300 _a337
490 _aBREVIARIOS DEL FONDO DE CULTURA ECONOMICA
_v122
650 1 4 _aCIENCIAS POLITICAS
_xECONOMIA
999 _c11208
_d11208